书目信息 |
| 题名: |
国殇
|
|
| 作者: | 王晓华 著 | |
| 分册: | 第7部 国民党正面战场海军抗战纪实 | |
| 出版信息: |
|
|
| 页数: | ||
| 开本: | ||
| 丛书名: | ||
| 单 册: | ||
| 中图分类: | E2 | |
| 科图分类: | ||
| 主题词: | 军事--中国 | |
| 电子资源: | ||
| ISBN: | 7-5126-1405-5 | |
| 000 | 00564nam0 2200169 450 | |
| 001 | 2435233382 | |
| 005 | 20240527095335.63 | |
| 010 | @a7-5126-1405-5@dCNY220.00 | |
| 100 | @a20240527d km y0chiy0120 ea | |
| 101 | 0 | @achi |
| 200 | 1 | @a国殇@h第7部@i国民党正面战场海军抗战纪实@f王晓华著@FWang Xiao Hua Zhu |
| 517 | 1 | @a国民党正面战场海军抗战纪实@AGuo Min Dang Zheng Mian Zhan Chang Hai Jun Kang Zhan Ji Shi |
| 606 | 0 | @a军事@x中国 |
| 690 | @aE2@v4 | |
| 701 | 0 | @a王晓华@AWang Xiao Hua@4著 |
| 801 | 0 | @aCN@b大连网信软件有限公司图书馆·11@c20240527 |
| 905 | @aZUCC@dE2@esk4 | |
| 国殇.第7部.国民党正面战场海军抗战纪实/王晓华著 |
| ISBN 7-5126-1405-5:CNY220.00 |
| ● |
| 相关链接 |
|
|
|
|
正题名:国殇
索取号:E2/sk4
 
预约/预借
| 序号 | 登录号 | 条形码 | 馆藏地/架位号 | 状态 | 备注 |
| 1 | 6200253 | 262002530 | 密集书库-马院/ [索取号:E2/sk4] | 在馆 |